<?xml version="1.0" encoding="UTF-8"?>
<marc:record xmlns:marc="http://www.loc.gov/MARC21/slim">
   <marc:leader>00000nam a2200000 a 4500</marc:leader>
   <marc:datafield ind1="1" ind2=" " tag="100">
      <marc:subfield code="a">Martiny, Paul Jonas</marc:subfield>
      <marc:subfield code="4">aut</marc:subfield>
      <marc:subfield code="e">Verfasser/-in</marc:subfield>
   </marc:datafield>
   <marc:datafield ind1=" " ind2=" " tag="653">
      <marc:subfield code="a">Alaior</marc:subfield>
   </marc:datafield>
   <marc:datafield ind1=" " ind2=" " tag="653">
      <marc:subfield code="a">Balearen</marc:subfield>
   </marc:datafield>
   <marc:datafield ind1=" " ind2=" " tag="653">
      <marc:subfield code="a">Ciutadella</marc:subfield>
   </marc:datafield>
   <marc:datafield ind1=" " ind2=" " tag="653">
      <marc:subfield code="a">Es Grau</marc:subfield>
   </marc:datafield>
   <marc:datafield ind1=" " ind2=" " tag="653">
      <marc:subfield code="a">Es Mercadal</marc:subfield>
   </marc:datafield>
   <marc:datafield ind1=" " ind2=" " tag="653">
      <marc:subfield code="a">Fornells</marc:subfield>
   </marc:datafield>
   <marc:datafield ind1=" " ind2=" " tag="653">
      <marc:subfield code="a">Karte</marc:subfield>
   </marc:datafield>
   <marc:datafield ind1=" " ind2=" " tag="653">
      <marc:subfield code="a">Kompakt</marc:subfield>
   </marc:datafield>
   <marc:datafield ind1=" " ind2=" " tag="653">
      <marc:subfield code="a">Landkarte</marc:subfield>
   </marc:datafield>
   <marc:datafield ind1=" " ind2=" " tag="653">
      <marc:subfield code="a">Mahon</marc:subfield>
   </marc:datafield>
   <marc:datafield ind1=" " ind2=" " tag="653">
      <marc:subfield code="a">Mao</marc:subfield>
   </marc:datafield>
   <marc:datafield ind1=" " ind2=" " tag="653">
      <marc:subfield code="a">Spanien</marc:subfield>
   </marc:datafield>
   <marc:datafield ind1=" " ind2=" " tag="653">
      <marc:subfield code="a">Softcover / Reisen/Reiseführer/Europa</marc:subfield>
   </marc:datafield>
   <marc:datafield ind1=" " ind2=" " tag="653">
      <marc:subfield code="a">Führer</marc:subfield>
   </marc:datafield>
   <marc:datafield ind1="0" ind2="0" tag="245">
      <marc:subfield code="a">Menorca</marc:subfield>
   </marc:datafield>
   <marc:datafield ind1="0" ind2="0" tag="245">
      <marc:subfield code="c">Paul Jonas Martiny</marc:subfield>
   </marc:datafield>
   <marc:datafield ind1=" " ind2="1" tag="264">
      <marc:subfield code="a">Ostfildern</marc:subfield>
      <marc:subfield code="b">DuMont Reiseverlag</marc:subfield>
      <marc:subfield code="c">2020</marc:subfield>
   </marc:datafield>
   <marc:datafield ind1="1" ind2=" " tag="490">
      <marc:subfield code="a">DuMont direkt</marc:subfield>
   </marc:datafield>
   <marc:datafield ind1=" " ind2=" " tag="250">
      <marc:subfield code="a">1. Auflage</marc:subfield>
   </marc:datafield>
   <marc:datafield ind1="1" ind2=" " tag="520">
      <marc:subfield code="a">Angaben aus der Verlagsmeldung

DuMont direkt Reiseführer Menorca : Mit großem Faltplan

Angelika König hat seit Langem ihre Wahlheimat auf der Baleareninsel gefunden. In 15 »Direkt-Kapiteln« führt sie Reisende direkt zu den Highlights der Insel und hilft, ihr wahres Wesen und ihre versteckten Schätze zu entdecken: Rundfahrt durch den Hafen von Maó; Festungsanlage La Mola von Maó; Wanderung durch den Naturpark von Es Grau; das Weingut von Binifadet; der kleine Zoo bei Alaior; im archäologischen Park Torralba d´en Salort; Schlemmen und Kunsthandwerk in Es Mercadal; im Verteidigungsturm von Fornells; das Centre de Geologia in Ferreries; das Landgut Sant Patrici; die Altstadt von Ciutadella; im Steinbruchmuseum Pedreres de s´Hostal; Wassersportzentren in Son Xoriguer und Cala en Bosc; Küstenwanderung ab Son Xoriguer.
Handverlesene Adressen für alle wichtigen Orte, zu Übernachten, Essen und Trinken sowie Einkaufen und Ausgehen, lassen die Reise zum Erlebnis werden. Jede Adresse ist mit einem Schlagwort versehen - das erleichtert die schnelle Orientierung.
Im großen separaten Faltplan (Maßstab 1:100.000) mit Ortsregister und Entfernungstabelle sind alle im Buch genannten Orte eingetragen und anhand der Verweise im Text einfach zu finden; außerdem zeigt er eine Gesamtkarte der Balearen. Die Übersichtskarte hebt alle Highlights hervor. Stadt- und Detailpläne im Buch erlauben die präzise Orientierung in Maó, Es Mercadal, Fornells, Ciutadella und in allen in den 15 »Direkt-Kapiteln« beschriebenen Orten.
</marc:subfield>
   </marc:datafield>
   <marc:datafield ind1=" " ind2=" " tag="020">
      <marc:subfield code="a">9783616010496</marc:subfield>
      <marc:subfield code="9">9783616010496</marc:subfield>
   </marc:datafield>
   <marc:datafield ind1=" " ind2=" " tag="020">
      <marc:subfield code="a">3616010497</marc:subfield>
      <marc:subfield code="9">3616010497</marc:subfield>
   </marc:datafield>
   <marc:datafield ind1=" " ind2=" " tag="041">
      <marc:subfield code="a">ger</marc:subfield>
   </marc:datafield>
   <marc:datafield ind1=" " ind2=" " tag="300">
      <marc:subfield code="a">120 Seiten</marc:subfield>
   </marc:datafield>
</marc:record>
